[Event "Agzamov Memorial 12th"]
[Site "Tashkent"]
[Date "2018.04.23"]
[Round "1"]
[White "Kim, Lev"]
[Black "Hamitevici, Vladimir"]
[Result "0-1"]
[WhiteElo "1847"]
[BlackElo "2508"]
[PlyCount "110"]
[EventDate "2018.04.23"]
[EventType "swiss"]
[EventRounds "9"]
[EventCountry "UZB"]
[SourceTitle "EXT 2019"]
[Source "ChessBase"]
[SourceDate "2018.10.10"]
[SourceVersion "1"]
[SourceVersionDate "2018.10.10"]
[SourceQuality "1"]

1. c4 f5 2. Nf3 Nf6 3. g3 d6 4. d4 g6 5. Bg2 Bg7 6. 0-0 0-0 7. Nc3 c6 8. d5 e5 9. dxe6 Bxe6 10. Qd3 Qe7 11. Ng5 Bc8 12. Rd1 Rd8 13. Rb1 Na6 14. b4 h6 15. Nh3 Ne4 16. Nxe4 fxe4 17. Qe3 Qf7 18. Bb2 Qxc4 19. Bxg7 Kxg7 20. Rd4 Qxa2 21. Qxe4 Bf5 22. Qe7+ Qf7 23. Qxf7+ Kxf7 24. Rbd1 Rab8 25. e4 Bxh3 26. Bxh3 Ke7 27. f4 Nc7 28. f5 gxf5 29. Bxf5 Ra8 30. g4 a5 31. bxa5 Rxa5 32. R4d3 Raa8 33. Rh3 Rh8 34. Rh5 Ne6 35. Rf1 Nd4 36. Kf2 c5 37. Ke3 b5 38. Rf2 Ra3+ 39. Kf4 Nc6 40. g5 hxg5+ 41. Rxg5 Ne5 42. Rg3 Rxg3 43. Kxg3 Rg8+ 44. Kh4 b4 45. Rb2 Nf3+ 46. Kh3 Kf6 47. Bg4 Ng5+ 48. Kg3 Ke5 49. h4 Nxe4+ 50. Kh3 b3 51. Be2 Rg3+ 52. Kh2 Rc3 53. Bd1 c4 54. h5 Ng5 55. Kg2 Rc1 0-1